[Event "GER-ch 92nd"]
[Site "Magdeburg"]
[Date "2021.07.29"]
[Round "6"]
[White "Nguyen, Alex Dac Vuong"]
[Black "Enders, Peter"]
[Result "0-1"]
[WhiteElo "2298"]
[BlackElo "2447"]
[PlyCount "96"]
[EventDate "2021.07.25"]
[EventType "swiss"]
[EventRounds "9"]
[EventCountry "GER"]
[SourceTitle "CBM 203 Extra"]
[Source "ChessBase"]
[SourceDate "2021.09.30"]
[SourceVersion "1"]
[SourceVersionDate "2021.09.30"]
[SourceQuality "1"]

1. e4 e6 2. d4 d5 3. Nc3 Bb4 4. e5 Ne7 5. Bd2 Nf5 6. Bd3 Nc6 7. Nf3 Be7 8. Ne2 b6 9. a3 Bb7 10. b4 Qd7 11. h4 0-0-0 12. b5 Nb8 13. a4 Rdg8 14. a5 Qd8 15. axb6 axb6 16. g3 h6 17. h5 Bg5 18. Nf4 Qf8 19. c3 g6 20. Qe2 Nd7 21. Kd1 Bxf4 22. Bxf4 g5 23. Bc1 Qg7 24. Kc2 Re8 25. Re1 Rhg8 26. Ra2 Kb8 27. Kb3 Ne7 28. Ba3 Nc8 29. g4 Rd8 30. Bb4 f6 31. exf6 Qxf6 32. Ra3 Rg7 33. Bg6 Na7 34. Rea1 Nxb5 35. Qxb5 Qxf3 36. Ra7 Rxg6 37. hxg6 Qf6 38. Qd3 e5 39. Qf5 Qc6 40. dxe5 Qc4+ 41. Kb2 c5 42. e6 Qe2+ 43. Kc1 Ne5 44. e7 Re8 45. Kb1 cxb4 46. cxb4 d4 47. f3 Qd1+ 48. Ka2 Bd5+ 0-1

[Event "GER-ch 92nd"]
[Site "Magdeburg"]
[Date "2021.07.27"]
[Round "3"]
[White "Enders, Peter"]
[Black "Niering, Martin"]
[Result "1-0"]
[WhiteElo "2447"]
[BlackElo "2200"]
[PlyCount "81"]
[EventDate "2021.07.25"]
[EventType "swiss"]
[EventRounds "9"]
[EventCountry "GER"]
[SourceTitle "CBM 203 Extra"]
[Source "ChessBase"]
[SourceDate "2021.09.30"]
[SourceVersion "1"]
[SourceVersionDate "2021.09.30"]
[SourceQuality "1"]

1. b3 d5 2. Bb2 Nf6 3. g3 e6 4. Bg2 Be7 5. Nf3 0-0 6. 0-0 c5 7. e3 Nc6 8. c4 d4 9. exd4 cxd4 10. d3 Re8 11. a3 a5 12. Nbd2 e5 13. Re1 Bf8 14. Qc2 h6 15. Nh4 Be6 16. Bxc6 bxc6 17. Rxe5 c5 18. Rae1 Rb8 19. a4 Qb6 20. Ba3 Qc6 21. f3 g5 22. Ng2 Nd7 23. R5e2 f5 24. Bc1 Bg7 25. Nb1 Bf7 26. Rxe8+ Bxe8 27. f4 Bf6 28. Na3 Bh5 29. Nb5 Bf3 30. Qf2 g4 31. Bd2 Qa6 32. h3 h5 33. Nh4 Bxh4 34. gxh4 Kf7 35. Nc7 Qc6 36. Ne6 Bh1 37. Ng5+ Kf8 38. Qe2 Kg8 39. Kh2 Bf3 40. Qe7 Nf8 41. Qf7+ 1-0

[Event "GER-ch 92nd"]
[Site "Magdeburg"]
[Date "2021.07.27"]
[Round "4"]
[White "Pajeken, Jakob Leon"]
[Black "Enders, Peter"]
[Result "1/2-1/2"]
[WhiteElo "2328"]
[BlackElo "2447"]
[PlyCount "86"]
[EventDate "2021.07.25"]
[EventType "swiss"]
[EventRounds "9"]
[EventCountry "GER"]
[SourceTitle "CBM 203 Extra"]
[Source "ChessBase"]
[SourceDate "2021.09.30"]
[SourceVersion "1"]
[SourceVersionDate "2021.09.30"]
[SourceQuality "1"]

1. d4 Nf6 2. Nf3 g6 3. g3 b6 4. Bg2 Bb7 5. 0-0 Bg7 6. c4 0-0 7. d5 d6 8. Nd4 Qc8 9. Nc3 c5 10. Nc2 Na6 11. e4 Nc7 12. Qe2 e6 13. Bf4 exd5 14. exd5 Qd7 15. Rfe1 Rfe8 16. Qd2 Rxe1+ 17. Rxe1 Re8 18. Rxe8+ Nfxe8 19. b4 Ba6 20. b5 Bc8 21. h4 Nf6 22. Bf3 Nce8 23. Ne3 Qe7 24. Kg2 h6 25. Ned1 Kh7 26. Qc2 Bf5 27. Qc1 Ng4 28. Ne3 Nxe3+ 29. Bxe3 Qe5 30. Nd1 Bd3 31. Bd2 Qa1 32. Qa3 Bxc4 33. Qxa7 Bxb5 34. Qxf7 Qf6 35. Qb7 Bd3 36. Bc3 Bf1+ 37. Kxf1 Qxf3 38. Ne3 Qh1+ 39. Ke2 Qb1 40. Bxg7 Nxg7 41. a4 Qa2+ 42. Kf3 Qxa4 43. Qxb6 Qd7 1/2-1/2

[Event "GER-ch 92nd"]
[Site "Magdeburg"]
[Date "2021.07.26"]
[Round "2"]
[White "Gutkin, Ilya"]
[Black "Enders, Peter"]
[Result "0-1"]
[WhiteElo "2304"]
[BlackElo "2447"]
[PlyCount "66"]
[EventDate "2021.07.25"]
[EventType "swiss"]
[EventRounds "9"]
[EventCountry "GER"]
[SourceTitle "CBM 203 Extra"]
[Source "ChessBase"]
[SourceDate "2021.09.30"]
[SourceVersion "1"]
[SourceVersionDate "2021.09.30"]
[SourceQuality "1"]

1. Nf3 Nf6 2. g3 g6 3. b3 Bg7 4. Bb2 0-0 5. Bg2 c5 6. c4 Nc6 7. 0-0 d6 8. d4 cxd4 9. Nxd4 Nxd4 10. Qxd4 a6 11. Rd1 Rb8 12. c5 Be6 13. Qh4 Rc8 14. cxd6 Rc2 15. Bd4 Qxd6 16. Nc3 Qc7 17. Ne4 Rxe2 18. Nxf6+ exf6 19. Bf3 Rc2 20. Be4 Rd8 21. Bxc2 Qxc2 22. Rdc1 Qf5 23. Bb6 Rd6 24. Bc7 Rd7 25. Qf4 Qd5 26. Bb6 h5 27. Re1 Kh7 28. f3 f5 29. Rab1 Bh6 30. Qa4 Qxf3 31. Rb2 Bd5 32. Ree2 Bc6 33. Qb4 Rd1+ 0-1

[Event "BL2-Ost 1920"]
[Site "Germany"]
[Date "2019.12.08"]
[Round "6.3"]
[White "Enders, Peter"]
[Black "Kazakouski, Valery"]
[Result "1-0"]
[WhiteElo "2450"]
[BlackElo "2474"]
[PlyCount "81"]
[EventDate "2019.10.19"]
[EventType "team-tourn"]
[EventRounds "11"]
[EventCountry "GER"]
[SourceTitle "CBM 194 Extra"]
[Source "ChessBase"]
[SourceDate "2020.03.31"]
[SourceVersion "1"]
[SourceVersionDate "2020.03.31"]
[SourceQuality "1"]
[WhiteTeam "Erfurt"]
[BlackTeam "Bad Mergentheim"]
[WhiteTeamCountry "GER"]
[BlackTeamCountry "GER"]

1. b3 e5 2. Bb2 Nc6 3. Nf3 e4 4. Nd4 Nxd4 5. Bxd4 d5 6. e3 Bf5 7. d3 Qg5 8. dxe4 Bxe4 9. Qe2 a6 10. Nd2 Bf5 11. Nf3 Qe7 12. g3 Qb4+ 13. c3 Qa3 14. b4 Be7 15. Bg2 Nf6 16. 0-0 0-0 17. Nh4 Be6 18. Qc2 Rfe8 19. Rab1 Rad8 20. Rfd1 g6 21. Rd3 Bd7 22. c4 Qa4 23. Qb2 Ne4 24. cxd5 Nd6 25. Rc1 a5 26. Bh8 Bf8 27. Bf6 Rc8 28. bxa5 Qxa5 29. Ra3 Qb5 30. Rb3 Qa4 31. Nf3 Ne4 32. Bd4 b6 33. Ne5 Bf5 34. g4 f6 35. gxf5 fxe5 36. Bxe5 Nd2 37. fxg6 hxg6 38. Qxd2 Rxe5 39. Rxb6 Rg5 40. f4 Rg4 41. Re6 1-0

[Event "WchT Seniors 50"]
[Site "Dresden"]
[Date "2018.07.11"]
[Round "5.2"]
[White "Weitzer, Steffen"]
[Black "Enders, Peter"]
[Result "0-1"]
[WhiteElo "2288"]
[BlackElo "2445"]
[PlyCount "99"]
[EventDate "2018.07.07"]
[EventType "team-swiss"]
[EventRounds "9"]
[EventCountry "GER"]
[SourceTitle "CBM 185 Extra"]
[Source "ChessBase"]
[SourceDate "2018.07.29"]
[SourceVersion "1"]
[SourceVersionDate "2018.07.29"]
[SourceQuality "1"]
[WhiteTeam "Leipzig Schachfreunde"]
[BlackTeam "Thueringen"]
[WhiteTeamCountry "GER"]
[BlackTeamCountry "GER"]

1. d4 Nf6 2. Nf3 g6 3. Bf4 Bg7 4. e3 d6 5. h3 0-0 6. c3 Nbd7 7. Bc4 b6 8. a4 a6 9. 0-0 Bb7 10. Re1 Qe8 11. Na3 e5 12. Bh2 Kh8 13. Bf1 Qe7 14. Nc4 e4 15. Nfd2 Ne8 16. Be2 f5 17. f4 Nef6 18. Kh1 Nd5 19. Bf1 Rae8 20. Qe2 N7f6 21. g3 Bh6 22. Bg2 g5 23. Rg1 Rg8 24. Raf1 Bc8 25. Rf2 Rg7 26. Na3 gxf4 27. gxf4 Qd7 28. a5 bxa5 29. Ndc4 a4 30. Bf1 Reg8 31. Rfg2 Qe8 32. Rxg7 Rxg7 33. Rxg7 Bxg7 34. Qd1 Ng8 35. Bg3 Bf6 36. Be2 Be6 37. Bf2 Bf7 38. Kh2 Nge7 39. Nd2 Ng6 40. Nf1 Qc6 41. Ng3 Nh4 42. Nh5 Be7 43. Qe1 Nf3+ 44. Bxf3 exf3 45. Ng3 Qb7 46. e4 fxe4 47. c4 Nxf4 48. Nf5 Qxb2 49. Qg1 Bf6 50. Kh1 0-1

[Event "BL2-Ost 1718"]
[Site "Germany"]
[Date "2018.02.04"]
[Round "8.5"]
[White "Enders, Peter"]
[Black "Wall, Gavin"]
[Result "1-0"]
[WhiteElo "2447"]
[BlackElo "2328"]
[PlyCount "53"]
[EventDate "2017.10.21"]
[EventType "team-tourn"]
[EventRounds "10"]
[EventCountry "GER"]
[SourceTitle "CBM 183 Extra"]
[Source "ChessBase"]
[SourceDate "2018.04.19"]
[SourceVersion "1"]
[SourceVersionDate "2018.04.19"]
[SourceQuality "1"]
[WhiteTeam "Erfurt"]
[BlackTeam "Bindlach"]
[WhiteTeamCountry "GER"]
[BlackTeamCountry "GER"]

1. b3 e5 2. Bb2 d6 3. e3 g6 4. d4 Bg7 5. Nf3 Nd7 6. Be2 Ngf6 7. dxe5 Ng4 8. Nc3 Ngxe5 9. Qd2 Nb6 10. 0-0-0 Qe7 11. Nxe5 dxe5 12. Nb5 0-0 13. Ba3 c5 14. Qd6 Qg5 15. Nc7 Rb8 16. Ne8 Rxe8 17. Qxb8 Qxg2 18. Qxa7 Qxf2 19. Qxb6 Qxe3+ 20. Kb1 Qxe2 21. Rd8 Rf8 22. Bxc5 Bf5 23. Rc1 Qxh2 24. Bxf8 Bxf8 25. Qd6 Qh6 26. Qxe5 b6 27. Rcd1 1-0

[Event "BL2-Ost 1718"]
[Site "Germany"]
[Date "2018.02.03"]
[Round "7.5"]
[White "Gaponenko, Inna"]
[Black "Enders, Peter"]
[Result "1/2-1/2"]
[WhiteElo "2433"]
[BlackElo "2447"]
[PlyCount "110"]
[EventDate "2017.10.21"]
[EventType "team-tourn"]
[EventRounds "10"]
[EventCountry "GER"]
[SourceTitle "CBM 183 Extra"]
[Source "ChessBase"]
[SourceDate "2018.04.19"]
[SourceVersion "1"]
[SourceVersionDate "2018.04.19"]
[SourceQuality "1"]
[WhiteTeam "Nickelhuette Aue"]
[BlackTeam "Erfurt"]
[WhiteTeamCountry "GER"]
[BlackTeamCountry "GER"]

1. e4 c5 2. Nf3 Nc6 3. d4 cxd4 4. Nxd4 Nf6 5. Nc3 d6 6. Bg5 e6 7. Qd2 Be7 8. 0-0-0 0-0 9. f3 Nxd4 10. Qxd4 a6 11. h4 b5 12. Kb1 Bb7 13. Qd2 Rc8 14. Ne2 Re8 15. Nd4 Nd7 16. Nb3 f6 17. Be3 Ne5 18. Qf2 Bf8 19. Bb6 Qe7 20. Ba5 d5 21. exd5 Bxd5 22. Bd3 Nxd3 23. Rxd3 Rc4 24. Re1 Qb7 25. Bc3 Rcc8 26. h5 b4 27. Bd2 Bc4 28. Na5 Qf7 29. Nxc4 Rxc4 30. g4 Rec8 31. Qb6 R4c6 32. Qe3 e5 33. Rc1 h6 34. Qe4 Kh8 35. Qd5 Qc7 36. Qd7 a5 37. Qxc7 R6xc7 38. c3 a4 39. cxb4 Rxc1+ 40. Bxc1 Bxb4 41. Bd2 Bf8 42. Rc3 Ra8 43. Rc4 Kg8 44. Bb4 Bxb4 45. Rxb4 g6 46. Rb6 gxh5 47. Rxf6 Kg7 48. Rf5 hxg4 49. fxg4 Re8 50. Kc2 e4 51. Ra5 e3 52. Kd1 e2+ 53. Ke1 Re4 54. b3 axb3 55. axb3 Rxg4 1/2-1/2

[Event "Erfurt MT op 27th"]
[Site "Erfurt"]
[Date "2017.12.29"]
[Round "7"]
[White "Schmid, Franz"]
[Black "Enders, Peter"]
[Result "1/2-1/2"]
[WhiteElo "2188"]
[BlackElo "2455"]
[PlyCount "106"]
[EventDate "2017.12.26"]
[EventType "swiss"]
[EventRounds "8"]
[EventCountry "GER"]
[SourceTitle "CBM 182 Extra"]
[Source "ChessBase"]
[SourceDate "2018.02.23"]
[SourceVersion "1"]
[SourceVersionDate "2018.02.23"]
[SourceQuality "1"]

1. e4 e6 2. d4 d5 3. exd5 exd5 4. Nf3 Nf6 5. Bg5 Be7 6. Bd3 0-0 7. 0-0 Bg4 8. Nbd2 Nc6 9. c3 Bh5 10. Qc2 Bg6 11. Rae1 Re8 12. Ne5 Nxe5 13. Rxe5 Bd6 14. Rxe8+ Qxe8 15. Bxf6 gxf6 16. Nf3 Qb5 17. Bxb5 Bxc2 18. Re1 Kf8 19. g3 a6 20. Bf1 b5 21. Rc1 Be4 22. Nh4 c6 23. f3 Bg6 24. Nxg6+ hxg6 25. b3 Ke7 26. Kf2 Kd7 27. h4 a5 28. Bd3 Bc7 29. c4 dxc4 30. bxc4 b4 31. Bc2 a4 32. Rb1 b3 33. axb3 a3 34. f4 a2 35. Ra1 Ba5 36. Rxa2 Be1+ 37. Kxe1 Rxa2 38. Kd2 Ra1 39. Bd1 Ke6 40. g4 f5 41. h5 Ra2+ 42. Ke3 gxh5 43. gxh5 Rb2 44. Kd3 Kd6 45. Bc2 Ra2 46. Kd2 Ke6 47. b4 Ra3 48. Bd3 Rb3 49. b5 cxb5 50. cxb5 Kd5 51. Ke3 Rb2 52. Be2 Rb3+ 53. Bd3 Rb2 1/2-1/2

[Event "WchT Seniors 50"]
[Site "Radebeul"]
[Date "2016.07.02"]
[Round "7.6"]
[White "Mueller, Michael"]
[Black "Enders, Peter"]
[Result "0-1"]
[WhiteElo "2244"]
[BlackElo "2448"]
[PlyCount "114"]
[EventDate "2016.06.26"]
[EventType "team-swiss"]
[EventRounds "9"]
[EventCountry "GER"]
[SourceTitle "CBM 173 Extra"]
[Source "ChessBase"]
[SourceDate "2016.08.29"]
[SourceVersion "1"]
[SourceVersionDate "2016.08.29"]
[SourceQuality "1"]
[WhiteTeam "Stiftung BSW/DBAG II"]
[BlackTeam "Thueringen"]
[WhiteTeamCountry "GER"]
[BlackTeamCountry "GER"]

1. d4 Nf6 2. Nf3 e6 3. Bf4 b6 4. e3 Bb7 5. Bd3 d6 6. Nbd2 Nbd7 7. Qe2 g6 8. h3 Bg7 9. 0-0 0-0 10. Bh2 Qe7 11. e4 e5 12. c3 Nh5 13. g4 Nf4 14. Bxf4 exf4 15. Rfe1 Rad8 16. a4 a5 17. Rad1 Nf6 18. e5 dxe5 19. Nxe5 h5 20. f3 Nd5 21. Nf1 Qh4 22. Qg2 hxg4 23. Qxg4 Qh6 24. Qg2 Bxe5 25. Rxe5 Kg7 26. c4 Nf6 27. d5 Bc8 28. Nh2 Bxh3 29. Qf2 Nd7 30. Re2 Qg5+ 31. Kh1 Nc5 32. Bc2 Rfe8 33. Rde1 Rxe2 34. Rxe2 Qf6 35. Qe1 Rh8 36. Re5 Bf1 37. b3 Bd3 38. Bd1 Bxc4 39. Re8 Rxe8 40. Qxe8 Bxd5 41. Ng4 Qe6 42. Qd8 Bxf3+ 43. Bxf3 Qe1+ 44. Kg2 Qg3+ 45. Kf1 Qxf3+ 46. Nf2 Ne6 47. Qe8 Qxb3 48. Qc6 f3 49. Kg1 Qe3 50. Qc2 Qe1+ 51. Kh2 Qe5+ 52. Kh3 Qh5+ 53. Kg3 Qg5+ 54. Ng4 f5 55. Qc3+ Kf7 56. Qxf3 Qxg4+ 57. Qxg4 fxg4 0-1

[Event "WchT Seniors 50"]
[Site "Radebeul"]
[Date "2016.07.01"]
[Round "6.5"]
[White "Enders, Peter"]
[Black "Hebert, Jean"]
[Result "1/2-1/2"]
[WhiteElo "2448"]
[BlackElo "2370"]
[PlyCount "251"]
[EventDate "2016.06.26"]
[EventType "team-swiss"]
[EventRounds "9"]
[EventCountry "GER"]
[SourceTitle "CBM 173 Extra"]
[Source "ChessBase"]
[SourceDate "2016.08.29"]
[SourceVersion "1"]
[SourceVersionDate "2016.08.29"]
[SourceQuality "1"]
[WhiteTeam "Thueringen"]
[BlackTeam "Canada"]
[WhiteTeamCountry "GER"]
[BlackTeamCountry "CAN"]

1. b3 e5 2. Bb2 Nc6 3. e3 Nf6 4. Nf3 e4 5. Nd4 Nxd4 6. Bxd4 d5 7. Be2 Be7 8. d3 0-0 9. Nd2 exd3 10. Bxd3 c5 11. Bb2 Bg4 12. Qc1 Re8 13. 0-0 Bd6 14. Re1 Bh5 15. Nf1 Rc8 16. c4 dxc4 17. Qxc4 Bg6 18. Bxg6 hxg6 19. Rad1 Qc7 20. Rd3 Be5 21. Bxe5 Rxe5 22. Ng3 a6 23. Red1 b5 24. Qc3 Re6 25. h3 Rc6 26. R3d2 Re8 27. Rc1 Ree6 28. Qb2 Red6 29. Rxd6 Rxd6 30. Qa3 Rc6 31. Rc2 Qe5 32. Qc1 Qe7 33. Ne2 Rc7 34. Nf4 g5 35. Nd3 Ne4 36. f3 Qd6 37. Nf2 Ng3 38. e4 f6 39. Qd1 Rd7 40. Qxd6 Rxd6 41. Ng4 Kf7 42. Ne3 Rc6 43. Kf2 Nh1+ 44. Ke1 Ng3 45. Rd2 Ke6 46. Rd8 c4 47. bxc4 bxc4 48. Kd2 Rc5 49. Nc2 c3+ 50. Ke3 f5 51. Ra8 Ra5 52. a3 fxe4 53. fxe4 Ra4 54. Rc8 Kf7 55. e5 Nf5+ 56. Kd3 g4 57. Rxc3 gxh3 58. gxh3 Rh4 59. Kd2 Ke6 60. Nb4 a5 61. Nd3 a4 62. Rc6+ Ke7 63. Ra6 Nd4 64. Rg6 Rxh3 65. Rxg7+ Kf8 66. Rg4 Nf3+ 67. Ke2 Nxe5 68. Nxe5 Rxa3 69. Kd2 Ke7 70. Kc2 Ke6 71. Nc4 Ra1 72. Rg5 a3 73. Ra5 a2 74. Kb2 Rh1 75. Kxa2 Rh3 76. Kb2 Rg3 77. Kc2 Rh3 78. Kd2 Rg3 79. Ne3 Rh3 80. Kd3 Kd6 81. Rg5 Kc6 82. Kd4 Rh4+ 83. Ng4 Rh1 84. Ne5+ Kb5 85. Nd3+ Kb6 86. Rf5 Rg1 87. Kc4 Rg6 88. Rb5+ Kc7 89. Ne5 Rg1 90. Kd5 Rd1+ 91. Ke6 Rc1 92. Rb2 Rc3 93. Rh2 Rc1 94. Rh3 Rd1 95. Rc3+ Kb6 96. Nd3 Kb5 97. Kd5 Kb6 98. Kd6 Kb5 99. Rc5+ Kb6 100. Rd5 Rh1 101. Nc5 Rh6+ 102. Ne6 Rh1 103. Rd4 Rh6 104. Rb4+ Ka5 105. Rb1 Rh5 106. Nd4 Ka4 107. Nc6 Ka3 108. Ne7 Ka2 109. Rb8 Rh3 110. Nd5 Rb3 111. Rh8 Ka3 112. Kc5 Rg3 113. Rb8 Rg4 114. Ne3 Rh4 115. Nc4+ Ka2 116. Rb2+ Ka1 117. Rg2 Rh8 118. Kb4 Rh4 119. Re2 Rg4 120. Kb3 Rg3+ 121. Ne3 Rg1 122. Ra2+ Kb1 123. Rb2+ Kc1 124. Rc2+ Kb1 125. Nd5 Rg3+ 126. Nc3+ 1/2-1/2

[Event "WchT Seniors 50"]
[Site "Radebeul"]
[Date "2016.06.27"]
[Round "2.1"]
[White "Krebs, Johann"]
[Black "Enders, Peter"]
[Result "0-1"]
[WhiteElo "2273"]
[BlackElo "2448"]
[PlyCount "48"]
[EventDate "2016.06.26"]
[EventType "team-swiss"]
[EventRounds "9"]
[EventCountry "GER"]
[SourceTitle "CBM 173 Extra"]
[Source "ChessBase"]
[SourceDate "2016.08.29"]
[SourceVersion "1"]
[SourceVersionDate "2016.08.29"]
[SourceQuality "1"]
[WhiteTeam "Graz"]
[BlackTeam "Thueringen"]
[WhiteTeamCountry "AUT"]
[BlackTeamCountry "GER"]

1. d4 Nf6 2. c4 e6 3. Nf3 c5 4. Nc3 cxd4 5. Nxd4 b6 6. Ndb5 Ba6 7. a3 Bxb5 8. Nxb5 Nc6 9. Bf4 Rc8 10. Qa4 Ne4 11. Qc2 d5 12. cxd5 exd5 13. Rc1 Bc5 14. e3 0-0 15. Bd3 Nb4 16. Qe2 Nxd3+ 17. Qxd3 Qf6 18. Rc2 g5 19. Bg3 Qf5 20. Ke2 Bxe3 21. Rxc8 Rxc8 22. Nc3 Bxf2 23. Bxf2 Qxf2+ 24. Kd1 Qxb2 0-1

[Event "Bundesliga 1516"]
[Site "Germany"]
[Date "2016.04.24"]
[Round "15.3"]
[White "Bluebaum, Matthias"]
[Black "Enders, Peter"]
[Result "1/2-1/2"]
[WhiteElo "2580"]
[BlackElo "2460"]
[PlyCount "101"]
[EventDate "2015.09.18"]
[EventType "team-tourn"]
[EventRounds "15"]
[EventCountry "GER"]
[SourceTitle "CBM 172"]
[Source "ChessBase"]
[SourceDate "2016.05.12"]
[SourceVersion "1"]
[SourceVersionDate "2016.05.12"]
[SourceQuality "1"]
[WhiteTeam "Werder Bremen"]
[BlackTeam "Erfurt"]
[WhiteTeamCountry "GER"]
[BlackTeamCountry "GER"]

1. d4 Nf6 2. c4 e6 3. Nf3 c5 4. d5 exd5 5. cxd5 d6 6. Nc3 g6 7. Bf4 Bg7 8. Qa4+ Bd7 9. Qb3 Qc7 10. e4 0-0 11. Nd2 Nh5 12. Be3 Na6 13. Be2 Nf6 14. 0-0 Rfb8 15. Bf4 Ne8 16. Rfe1 Qd8 17. Nc4 Bd4 18. a4 Qf6 19. Bg3 Nac7 20. e5 dxe5 21. Bf1 Bxa4 22. Qxa4 b5 23. Nxb5 Rxb5 24. d6 Rb4 25. Qc6 Rxc4 26. Bxc4 Qxd6 27. Qf3 Nf6 28. Ra6 Nxa6 29. Qxa8+ Kg7 30. Qxa7 Nc7 31. Qb7 Ne6 32. Ra1 Nd8 33. Qa6 Qb8 34. Qb5 Qxb5 35. Bxb5 Ne4 36. Ra8 Ne6 37. Bd3 Nxg3 38. hxg3 Bxb2 39. Bc4 Ng5 40. Ra7 e4 41. Kf1 h5 42. f4 exf3 43. gxf3 Kf6 44. Kg2 Ne6 45. f4 g5 46. f5 Kxf5 47. Rxf7+ Bf6 48. Rh7 Ng7 49. Bf7 h4 50. gxh4 gxh4 51. Rxg7 1/2-1/2

[Event "Bundesliga 1516"]
[Site "Germany"]
[Date "2016.02.21"]
[Round "9.6"]
[White "Walter, Stefan1111"]
[Black "Enders, Peter"]
[Result "1-0"]
[WhiteElo "2402"]
[BlackElo "2460"]
[PlyCount "127"]
[EventDate "2015.09.18"]
[EventType "team-tourn"]
[EventRounds "15"]
[EventCountry "GER"]
[SourceTitle "CBM 171"]
[Source "ChessBase"]
[SourceDate "2016.03.14"]
[SourceVersion "2"]
[SourceVersionDate "2016.03.14"]
[SourceQuality "1"]
[WhiteTeam "Griesheim"]
[BlackTeam "Erfurt"]
[WhiteTeamCountry "GER"]
[BlackTeamCountry "GER"]

1. d4 Nf6 2. c4 e6 3. Nc3 c5 4. d5 exd5 5. cxd5 d6 6. e4 g6 7. Nge2 Bg7 8. Ng3 0-0 9. Be2 Re8 10. 0-0 Na6 11. Bg5 Bd7 12. Qd2 Nc7 13. a4 Re7 14. f4 Nce8 15. Bc4 Qb6 16. Rae1 Qb4 17. Qe2 h6 18. Bh4 a6 19. h3 Bxa4 20. e5 dxe5 21. d6 Nxd6 22. Bxf6 Bxf6 23. Nd5 Qxc4 24. Nxf6+ Kh8 25. Qg4 Qd4+ 26. Kh1 Re6 27. fxe5 Qxg4 28. Nxg4 Nf5 29. Nxf5 gxf5 30. Rxf5 Rf8 31. Ref1 Kg7 32. R1f2 Bb5 33. Rd2 Rg6 34. Nf6 Bc4 35. Rd6 Be6 36. Nh5+ Kh8 37. Rf3 Re8 38. Nf4 Rg7 39. Nxe6 Rxe6 40. Rxe6 fxe6 41. Rf6 Rg3 42. Rxh6+ Kg7 43. Rxe6 Rb3 44. Re7+ Kg6 45. Rc7 Rxb2 46. Rxc5 Rb5 47. Rc8 Rxe5 48. Kh2 a5 49. Ra8 b6 50. h4 Re4 51. Kh3 a4 52. g3 Rb4 53. Rg8+ Kf7 54. Ra8 b5 55. h5 Rb3 56. Ra7+ Kg8 57. Ra8+ Kg7 58. Ra7+ Kh6 59. Kh4 Rb1 60. Ra6+ Kg7 61. Kg5 Kf7 62. h6 Rc1 63. Ra7+ Kg8 64. g4 1-0